000 00377nam a2200157Ia 4500
005 20260122095445.0
008 260121s9999||||xx |||||||||||||| ||und||
020 _a9783030515799
082 _a006.78
_bHOG
100 _aHogan, Aidan
245 0 _aWeb of data /
260 _aNew York
_bSpringer,
_c2020.
300 _axvii, 680p.; hb
650 _aSemantic web
942 _cTB
999 _c47939
_d47939